| 000 | 00507nam a2200121Ia 4500 | ||
|---|---|---|---|
| 008 | 220216s9999 xx 000 0 und d | ||
| 100 | _aMathew N.M. | ||
| 245 | 0 | _aIndian natural rubber sector: An overview | |
| 260 |
_bProceedings of the First Symposium on Plantation Crop Research: Current Trends and Future Challenges, 8-9 July 2004, Bandaranake Memorial International Conference Hall, Colombo, Sri Lanka, pp. 265-266. _c2004 |
||
| 650 | _aIndian rubber industry | ||
| 650 | _aNatural rubber | ||
| 942 | _cBS | ||
| 999 |
_c52665 _d52665 |
||